00578nam a2200181 a 450000100060000000300090000600800410001502000150005604000280007108200180009910000270011724500190014426000270016330000100019050501460020065000270034665000230037322825CO-ViMGA141112s2004 ck r 000 u spa d a970150867X aCO-ViMGAbspacCO-ViMGA04a371.397 C153e1 aCalero Pèrez, Mavilo10aEducar Jugando aMéxico : bAlfaomega a283p. aEl juego. El juego y la educación, Teorias biologicas de los juegos, Teorias Psicologicas de los juegos, Teorias sociologicas de los juegos14aeducación DE NIÑOS14aJUEGOS EDUCATIVOS